Where Do You Want To Move #2 - Statistics

General Stats
  • This quiz has been taken 18 times
  • The average score is 14 of 15
Answer Stats
Country Where they want to move % Correct
United Kingdom Canada
100%
Ireland Canada
100%
Brazil Portugal
100%
Cape Verde Portugal
100%
Chile Spain
100%
Argentina Spain
100%
Bolivia Spain
100%
Sweden Spain
100%
Finland Spain
100%
Ecuador Spain
100%
Peru Spain
100%
Norway United States
100%
Russia United States
100%
Iceland Denmark
58%
Portugal Netherlands
50%
No matching quizzes found
Score Distribution
Percent of People with Each Score
Percentile by Number Answered
Your Score History
You have not taken this quiz